000 00186 a2200097 4500
020 _a9780134156057
041 _aspa
100 _aprentice Hall
245 _aJuntos en Espaą
942 _cBK
999 _c8991
_d8991